| 000 | 00611nam a2200205Ia 4500 | ||
|---|---|---|---|
| 003 | OSt | ||
| 005 | 20230420113351.0 | ||
| 008 | 210423s2011 xx 000 0 und d | ||
| 020 | _a9780821868850 | ||
| 040 | _cAL | ||
| 041 | _aeng | ||
| 082 |
_a510 _223 _bFUCD |
||
| 100 |
_aFUCHS (Dmitry);TABACHNIKOV (Serge). _990978 |
||
| 245 | _aMathematical omnibus: thirty lectures on classic mathematics. | ||
| 260 |
_aHyderabad _bAmerican mathematical society _c2011 |
||
| 300 |
_axv,463 _bPB |
||
| 365 | _cINR | ||
| 906 | _aclassic ; lectures ; Mathematical ; mathematics. ; omnibus: ; thirty | ||
| 942 |
_2ddc _cBK |
||
| 999 |
_c160801 _d160801 |
||